| 000 | 01956cam a22003255a 4500 | ||
|---|---|---|---|
| 001 | 17764214 | ||
| 005 | 20160801154906.0 | ||
| 008 | 130605s2013 nyu b 001 0 eng | ||
| 010 | _a 2013021652 | ||
| 020 | _a0230368158 | ||
| 020 | _a9780230368156 | ||
| 040 |
_aDLC _beng _cDLC _dEG-ScBUE |
||
| 042 | _apcc | ||
| 082 | 0 | 4 |
_a320.3 _222 _bHAG |
| 100 | 1 |
_aHague, Rod. _910959 |
|
| 245 | 1 | 0 |
_aComparative government and politics : _ban introduction / _cRod Hague, Martin Harrop. |
| 250 | _a9th ed. | ||
| 260 |
_aHampshire ; _aNew York : _bPalgrave Macmillan / Macmillan Publishers Limited, _c2013. |
||
| 300 |
_axvi, 404 p. : _bill. ; _c24 cm. |
||
| 500 | _aIndex : p. 398-404. | ||
| 504 | _aBibliography : p. 375-397. | ||
| 505 | _aPolitical Concepts -- The State -- Democracy -- Authoritarian Rule -- Theoretical Approaches -- Political Culture -- Political Communication -- Political Participation -- Interest Groups -- Political Parties -- Elections -- Voters -- Constitutions and Law -- Multilevel Governance -- Legislatures -- The Political Executive -- Bureaucracy and Public Management -- The Policy Process -- Comparative Methods. | ||
| 520 | _aLong established as the leading text in the field, the new edition has been comprehensively updated and rewritten. Accessible, student-friendly and truly international in its coverage, this edition includes an brand new chapter on voters and increased coverage of rising powers, such as India and Brazil. | ||
| 650 | 7 |
_aComparative government. _2BUEsh _96707 |
|
| 651 | _2BUEsh | ||
| 653 |
_bLLAAWW _cAugust 2016 |
||
| 700 | 1 |
_aHarrop, Martin. _910961 |
|
| 856 |
_fCompanion website _uhttps://he.palgrave.com/companion/Hague-And-Harrop-Comparative-Government-And-Politics-Ninth-Edition-Political-Science-Seventh-Edition/index/ _zDictionary, debates, interactive quizzes, a guide to comparative politics on the Internet, weblinks and chapter summaries. |
||
| 942 |
_2ddc _e22 _k320.3 HAG |
||
| 999 |
_c22094 _d22066 |
||